Online Catalogue and eLibrary

Understanding the gender gap : (Record no. 78)

MARC details
000 -LEADER
fixed length control field 00690pam a2200217 a 4500
001 - CONTROL NUMBER
control field 4818632
005 - DATE AND TIME OF LATEST TRANSACTION
control field 20231124055303.0
008 - FIXED-LENGTH DATA ELEMENTS--GENERAL INFORMATION
fixed length control field 890412s1990 nyuaf b 001 0 eng
020 ## - INTERNATIONAL STANDARD BOOK NUMBER
ISBN 0195050770 (alk. paper)
040 ## - CATALOGING SOURCE (பட்டியலாக்க மூலம்)
Original cataloging agency DLC
Transcribing agency DLC
Modifying agency DLC
082 00 - DDC Classification
Class No. 331.4/0973
DDC Edition Number 20
Item Number - Author Mark CLA.
100 1# - MAIN ENTRY--PERSONAL NAME
Personal name Goldin, Claudia Dale.
245 10 - TITLE STATEMENT
Title Understanding the gender gap :
Remainder of title an economic history of American women /
Statement of responsibility, etc. Claudia Goldin.
260 ## - PUBLICATION, DISTRIBUTION, ETC.
Place of publication, distribution, etc. New York :
Name of publisher, distributor, etc. Oxford University Press,
Date of publication, distribution, etc. 1990.
300 ## - PHYSICAL DESCRIPTION
Extent (e.g. Volumes, Pages etc.) xviii, 287 p.
500 ## - GENERAL NOTE
General note Includes index.
650 #0 - SUBJECT ADDED ENTRY--TOPICAL TERM
Topical term or geographic name entry element Women
650 #0 - SUBJECT ADDED ENTRY--TOPICAL TERM
Topical term or geographic name entry element Sex discrimination in employment
856 42 - ELECTRONIC LOCATION AND ACCESS
Uniform Resource Identifier <a href="http://www.loc.gov/catdir/enhancements/fy0635/89033502-d.html">http://www.loc.gov/catdir/enhancements/fy0635/89033502-d.html</a>
942 ## - Koha item type (Biblio)
Koha item type Books in Stacks (Lending)
Holdings
Lost status Damaged status Collection code Home library Current library Date acquired Full call number Accession Number Item type
    Lending WERC Library WERC Library 11/24/2023 331.4/0973 CLA. 2185 Books in Stacks (Lending)

© WERC Library